Estatísticas para Egito

Clique aqui para jogar o quiz

Estatísticas Gerais

  • Esse quiz foi jogado 18 vezes
  • A pontuação média é 8 de 13

Estatísticas das Respostas

HintResposta% Correto
Onde fica?África
100%
Qual é o seu idioma?Árabe
100%
Como se chama o maior rio do país?Nilo
100%
Qual é a sua capital?Cairo
94%
Qual é o desporto mais praticado?Futebol
94%
Qual é a sua religião?Islamismo
94%
Onde ficam as famosas pirâmides?Gizé
88%
Como se chama a mulher que governou o país durante 22 anos?Cleópatra
53%
Qual é o estilo de dança que nasceu no país?Dança do ventre
47%
Qual é o seu código ISO?EGY
41%
Qual é o seu prato típico?Kushari
6%
Qual escritor egípcio ganhou o prémio Nobel da literatura?Naguib Mahfouz
6%
Qual é a sua moeda?Libra egípcia
0%

Distribuição das Pontuações

Percentil de Números Respondidos

Porcentagem de Pessoas com Cada Pontuação

Sua Pontuação Histórica

Você não jogou esse quiz